[Event "World ol U16"]
[Site "Gyor"]
[Date "2014.12.21"]
[Round "10.2"]
[White "Munkhbayar, Gijir"]
[Black "Unuk, Laura"]
[Result "1-0"]
[WhiteElo "1967"]
[BlackElo "2249"]
[PlyCount "65"]
[EventDate "2014.12.13"]
[EventType "team-swiss"]
[EventRounds "10"]
[EventCountry "HUN"]
[SourceTitle "EXT 2016"]
[Source "ChessBase"]
[SourceDate "2015.10.08"]
[SourceVersion "1"]
[SourceVersionDate "2015.10.08"]
[SourceQuality "1"]
[WhiteTeam "Mongolia"]
[BlackTeam "Slovenia"]
[WhiteTeamCountry "MGL"]
[BlackTeamCountry "SLO"]

1. d4 f5 2. c4 Nf6 3. g3 e6 4. Bg2 Be7 5. Nc3 0-0 6. Nf3 d6 7. 0-0 Nbd7 8. Qc2 c5 9. Ng5 Nb6 10. dxc5 Nxc4 11. b3 Ng4 12. Nf3 Nce5 13. cxd6 Qxd6 14. Nxe5 Qxe5 15. Bb2 Qc5 16. Rac1 Qa5 17. Na4 f4 18. Qc7 Qh5 19. h3 Nh6 20. Qxe7 Nf5 21. g4 Qh4 22. Qxh4 Nxh4 23. Rc7 Rf7 24. Rfc1 Bd7 25. Bxb7 Rb8 26. Bc8 f3 27. e3 Bxc8 28. Rxc8+ Rf8 29. R8c7 Rfd8 30. Rxg7+ Kf8 31. Rcc7 Rd1+ 32. Kh2 Rf1 33. Ba3+ 1-0

[Event "World ol U16"]
[Site "Gyor"]
[Date "2014.12.19"]
[Round "8.1"]
[White "Nikitenko, Mihail"]
[Black "Munkhbayar, Gijir"]
[Result "1/2-1/2"]
[WhiteElo "2379"]
[BlackElo "1967"]
[PlyCount "134"]
[EventDate "2014.12.13"]
[EventType "team-swiss"]
[EventRounds "10"]
[EventCountry "HUN"]
[SourceTitle "EXT 2016"]
[Source "ChessBase"]
[SourceDate "2015.10.08"]
[SourceVersion "1"]
[SourceVersionDate "2015.10.08"]
[SourceQuality "1"]
[WhiteTeam "Belarus"]
[BlackTeam "Mongolia"]
[WhiteTeamCountry "BLR"]
[BlackTeamCountry "MGL"]

1. e4 c5 2. Nf3 Nc6 3. d4 cxd4 4. Nxd4 g6 5. Nc3 Bg7 6. Be3 Nf6 7. Bc4 Qa5 8. 0-0 0-0 9. Bb3 d6 10. h3 Bd7 11. f4 Nxd4 12. Bxd4 Bc6 13. e5 dxe5 14. fxe5 Ne4 15. Nxe4 Bxe4 16. Qe1 Qxe1 17. Raxe1 Bf5 18. Bc5 Rfe8 19. g4 Be6 20. Ba4 Rec8 21. Bxe7 Bxa2 22. c3 Bc4 23. Rf4 b5 24. Bc2 Re8 25. Bd6 Rad8 26. Kf2 Bh6 27. Rd4 Bg5 28. Kg3 f6 29. h4 fxe5 30. Bxe5 Be7 31. Red1 a5 32. h5 Rxd4 33. cxd4 gxh5 34. gxh5 Bg5 35. b3 Bd5 36. Ra1 Rc8 37. Bf5 Rc3+ 38. Kh2 Rf3 39. Bd7 Bf4+ 40. Bxf4 Rxf4 41. Rxa5 Rxd4 42. Rxb5 Kf7 43. Bf5 Kf6 44. Bxh7 Rh4+ 45. Kg3 Rxh5 46. Be4 Bf7 47. Rb7 Re5 48. Kf4 Re7 49. Rb6+ Re6 50. Rb8 Rd6 51. b4 Bd5 52. Bf5 Be6 53. Bc2 Ke7 54. Ke5 Rd5+ 55. Ke4 Rh5 56. Ba4 Rh4+ 57. Ke5 Rh5+ 58. Kd4 Rd5+ 59. Ke4 Rd2 60. Re8+ Kf6 61. Ke3 Rb2 62. Rb8 Ke5 63. Rb5+ Bd5 64. Kd3 Rh2 65. Bc2 Rh3+ 66. Kd2 Kd4 67. Rc5 Bc4 1/2-1/2

[Event "World ol U16"]
[Site "Gyor"]
[Date "2014.12.14"]
[Round "3.2"]
[White "Nayhebaver, Martin"]
[Black "Munkhbayar, Gijir"]
[Result "1-0"]
[WhiteElo "2332"]
[BlackElo "1967"]
[PlyCount "71"]
[EventDate "2014.12.13"]
[EventType "team-swiss"]
[EventRounds "10"]
[EventCountry "HUN"]
[SourceTitle "EXT 2016"]
[Source "ChessBase"]
[SourceDate "2015.10.08"]
[SourceVersion "1"]
[SourceVersionDate "2015.10.08"]
[SourceQuality "1"]
[WhiteTeam "Slovakia"]
[BlackTeam "Mongolia"]
[WhiteTeamCountry "SVK"]
[BlackTeamCountry "MGL"]

1. e4 c5 2. Nf3 d6 3. d4 cxd4 4. Nxd4 Nf6 5. Nc3 g6 6. Be3 Bg7 7. f3 Nc6 8. Bc4 0-0 9. Qd2 Bd7 10. Bb3 Rc8 11. 0-0-0 Ne5 12. Kb1 a6 13. h4 h5 14. Bh6 Bxh6 15. Qxh6 Rxc3 16. bxc3 Qc8 17. g4 hxg4 18. h5 g5 19. Qxg5+ Kh7 20. Qe3 gxf3 21. Rhg1 Nfg4 22. Qf4 f2 23. Rg3 f5 24. Qg5 Rf6 25. exf5 Bxf5 26. Rf1 Bd7 27. Bd5 Qf8 28. h6 b5 29. Be4+ Kh8 30. h7 Nc4 31. Bf3 Kxh7 32. Bxg4 Rg6 33. Qxg6+ Kxg6 34. Bxd7+ Kh7 35. Rh1+ Qh6 36. Bf5+ 1-0

[Event "Ulan-Ude Bajkal op 9th"]
[Site "Ulan-Ude"]
[Date "2013.07.05"]
[Round "6"]
[White "Munkhbayar, Gijir"]
[Black "Badmatsyrenov, Oleg"]
[Result "0-1"]
[WhiteElo "1923"]
[BlackElo "2483"]
[PlyCount "64"]
[EventDate "2013.07.01"]
[EventType "swiss"]
[EventRounds "9"]
[EventCountry "RUS"]
[SourceTitle "EXT 2014"]
[Source "ChessBase"]
[SourceDate "2013.11.20"]
[SourceVersion "1"]
[SourceVersionDate "2013.11.20"]
[SourceQuality "1"]

1. e4 c5 2. Nf3 e6 3. d4 cxd4 4. Nxd4 a6 5. Nc3 b5 6. Bd3 Qb6 7. Nb3 Qc7 8. Qe2 Bb7 9. f4 Nc6 10. e5 f5 11. Be3 Nb4 12. 0-0-0 Ne7 13. Bxb5 Ned5 14. Nxd5 Bxd5 15. Ba4 Nxa2+ 16. Kb1 Nb4 17. Rd2 Be7 18. Rhd1 0-0 19. g4 fxg4 20. Qxg4 Rab8 21. Qe2 Bc4 22. Qf2 Nd5 23. Qg3 Rb4 24. Rg1 g6 25. h4 Rxa4 26. h5 Bxb3 27. cxb3 Nc3+ 28. bxc3 Qxc3 29. Rb2 Qd3+ 30. Rc2 Qxb3+ 31. Kc1 Ra1+ 32. Kd2 Bb4+ 0-1

[Event "Ulan-Ude Bajkal op 9th"]
[Site "Ulan-Ude"]
[Date "2013.07.03"]
[Round "2"]
[White "Munkhbayar, Gijir"]
[Black "Maximov, Vadim"]
[Result "1/2-1/2"]
[WhiteElo "1923"]
[BlackElo "1919"]
[PlyCount "135"]
[EventDate "2013.07.01"]
[EventType "swiss"]
[EventRounds "9"]
[EventCountry "RUS"]
[SourceTitle "EXT 2014"]
[Source "ChessBase"]
[SourceDate "2013.11.20"]
[SourceVersion "1"]
[SourceVersionDate "2013.11.20"]
[SourceQuality "1"]

1. e4 c6 2. d4 d5 3. Nc3 dxe4 4. Nxe4 Nf6 5. Nxf6+ exf6 6. Bf4 Qb6 7. Qe2+ Be6 8. c3 Na6 9. Nf3 Be7 10. Qc2 Nc7 11. Bd3 Nd5 12. Bg3 g6 13. 0-0 0-0 14. a3 Qd8 15. c4 Nc7 16. Qb3 b5 17. Bxc7 Qxc7 18. Qc3 bxc4 19. Bxc4 Bg4 20. Rac1 Qd6 21. Rfd1 Qf4 22. Qe3 Bd6 23. Qxf4 Bxf4 24. Rc3 Rab8 25. b4 Rb6 26. h3 Bd7 27. g3 Bb8 28. Kg2 Re8 29. Re1 Bd6 30. Rxe8+ Bxe8 31. Nd2 f5 32. f4 Kg7 33. Kf3 Rb8 34. Nb3 Be7 35. Re3 Bf6 36. Ke2 Bd7 37. Kd3 Rd8 38. Kc3 h6 39. a4 g5 40. b5 cxb5 41. axb5 Bc8 42. Rd3 Bb7 43. Na5 Bg2 44. Bb3 Bf1 45. fxg5 hxg5 46. Rd1 Bxb5 47. Kb4 Be2 48. Re1 Rxd4+ 49. Kc5 Re4 50. Nc6 Bc3 51. Rc1 Bd2 52. Rc2 Be3+ 53. Kd6 Bd1 54. Rc3 Bxb3 55. Rxb3 Re6+ 56. Kd7 f4 57. gxf4 Bxf4 58. Nxa7 Re3 59. Rxe3 Bxe3 60. Nb5 Kg6 61. Kd6 Kh5 62. Ke5 Kh4 63. Ke4 Bc1 64. Nd6 f6 65. Kf5 Kxh3 66. Kxf6 g4 67. Ne4 Kg2 68. Kg6 1/2-1/2

[Event "Wch U14"]
[Site "Maribor"]
[Date "2012.11.18"]
[Round "11.26"]
[White "Munkhbayar, Gijir"]
[Black "Preotu, Razvan"]
[Result "0-1"]
[WhiteElo "1866"]
[BlackElo "2086"]
[PlyCount "74"]
[EventDate "2012.11.08"]
[EventType "swiss"]
[EventRounds "11"]
[EventCountry "SLO"]
[SourceTitle "EXT 2013"]
[Source "ChessBase"]
[SourceDate "2012.11.22"]
[SourceVersion "1"]
[SourceVersionDate "2012.11.22"]
[SourceQuality "1"]

1. e4 c5 2. Nf3 Nc6 3. Nc3 g6 4. d4 cxd4 5. Nxd4 Bg7 6. Be3 Nf6 7. Nb3 0-0 8. f3 d5 9. exd5 Nb4 10. Bc4 Qc7 11. Qe2 Nxc2+ 12. Qxc2 Qxc4 13. Qe2 b5 14. Qxc4 bxc4 15. Na5 Rb8 16. 0-0-0 Bf5 17. Bc5 Bh6+ 18. Rd2 Bxd2+ 19. Kxd2 Rxb2+ 20. Ke3 Rc2 21. Kd4 Rd2+ 22. Kxc4 Nxd5 23. Nxd5 Be6 24. Nc6 Bxd5+ 25. Kc3 Bxc6 26. Kxd2 Rd8+ 27. Ke2 Bb5+ 28. Kf2 Rd2+ 29. Kg3 e5 30. Bxa7 Rxa2 31. Be3 Kg7 32. Re1 f5 33. f4 g5 34. Kh3 exf4 35. Bd4+ Kg6 36. Re7 Ra3+ 37. g3 Bf1# 0-1

[Event "Wch U14"]
[Site "Maribor"]
[Date "2012.11.16"]
[Round "9.37"]
[White "Munkhbayar, Gijir"]
[Black "Sheykhhasani, Bardia"]
[Result "1/2-1/2"]
[WhiteElo "1866"]
[BlackElo "2027"]
[PlyCount "81"]
[EventDate "2012.11.08"]
[EventType "swiss"]
[EventRounds "11"]
[EventCountry "SLO"]
[SourceTitle "EXT 2013"]
[Source "ChessBase"]
[SourceDate "2012.11.22"]
[SourceVersion "1"]
[SourceVersionDate "2012.11.22"]
[SourceQuality "1"]

1. e4 e6 2. d4 d5 3. e5 c5 4. c3 Nc6 5. Nf3 Bd7 6. a3 c4 7. Nbd2 Na5 8. b3 cxb3 9. c4 Ba4 10. Bb2 Rc8 11. cxd5 Qxd5 12. Bd3 Nh6 13. Rc1 Rxc1 14. Qxc1 Qc6 15. Qb1 Be7 16. 0-0 Nf5 17. Be4 Qd7 18. d5 0-0 19. Rd1 g6 20. d6 Bd8 21. Bxf5 gxf5 22. Nf1 Nc4 23. Bc3 f6 24. exf6 Bxf6 25. Bxf6 Rxf6 26. Rd4 b5 27. Ne3 e5 28. Nd5 Rxd6 29. Qxf5 exd4 30. Nf6+ Rxf6 31. Qxd7 b2 32. Qd8+ Rf8 33. Qg5+ Kh8 34. Nd2 Nxd2 35. Qe5+ Kg8 36. Qg5+ Kf7 37. Qd5+ Kg6 38. Qe6+ Kg5 39. Qe5+ Kg6 40. Qe6+ Kg5 41. Qe5+ 1/2-1/2

[Event "Wch U14"]
[Site "Maribor"]
[Date "2012.11.08"]
[Round "1.10"]
[White "Munkhbayar, Gijir"]
[Black "Aravindh, Chithambaram VR"]
[Result "0-1"]
[WhiteElo "1866"]
[BlackElo "2276"]
[PlyCount "68"]
[EventDate "2012.11.08"]
[EventType "swiss"]
[EventRounds "11"]
[EventCountry "SLO"]
[SourceTitle "EXT 2013"]
[Source "ChessBase"]
[SourceDate "2012.11.22"]
[SourceVersion "1"]
[SourceVersionDate "2012.11.22"]
[SourceQuality "1"]

1. e4 c5 2. Nf3 Nc6 3. d4 cxd4 4. Nxd4 Nf6 5. Nc3 e5 6. Ndb5 d6 7. Bg5 a6 8. Na3 b5 9. Nd5 Be7 10. Bxf6 Bxf6 11. Bd3 0-0 12. c3 Bg5 13. 0-0 Be6 14. Nc2 Rb8 15. Nce3 Ne7 16. Qe2 Bxd5 17. Nxd5 Nxd5 18. exd5 f5 19. f3 a5 20. Kh1 b4 21. c4 Qb6 22. Qc2 g6 23. b3 Be3 24. Rae1 Rf7 25. g4 Rbf8 26. gxf5 gxf5 27. Re2 Kh8 28. Rfe1 Bd4 29. Rg2 Qd8 30. Ree2 e4 31. Bxe4 fxe4 32. Qxe4 Rf4 33. Qd3 Be5 34. Re3 Qf6 0-1

[Event "Wch U14"]
[Site "Caldas Novas"]
[Date "2011.11.18"]
[Round "1"]
[White "Munkhbayar, Gijir"]
[Black "Sanal, Vahap"]
[Result "0-1"]
[WhiteElo "1838"]
[BlackElo "2275"]
[PlyCount "104"]
[EventDate "2011.11.18"]
[EventType "swiss"]
[EventRounds "9"]
[EventCountry "BRA"]
[SourceTitle "EXT 2013"]
[Source "ChessBase"]
[SourceDate "2012.11.22"]
[SourceVersion "1"]
[SourceVersionDate "2012.11.22"]
[SourceQuality "1"]

1. e4 e5 2. Nf3 Nc6 3. Bb5 a6 4. Ba4 Nf6 5. d3 b5 6. Bb3 Be7 7. Bd5 Nxd5 8. exd5 Nd4 9. Nxe5 d6 10. Nf3 Bg4 11. Be3 Nxf3+ 12. gxf3 Bh5 13. Nd2 Qd7 14. Bd4 0-0-0 15. Qe2 Rde8 16. 0-0-0 Bg5 17. Be3 f5 18. Qf1 Bxe3 19. fxe3 Rxe3 20. Qf2 Rhe8 21. Nf1 Rxf3 22. Qa7 Kd8 23. Nd2 Rfe3 24. Rdf1 Re2 25. Nb3 Qf7 26. Nd4 Qxd5 27. Nxe2 Rxe2 28. Rhg1 Qxa2 29. Qa8+ Kd7 30. Rxg7+ Bf7 31. Rxf7+ Qxf7 32. Qxa6 Qd5 33. Rg1 Rxh2 34. c4 bxc4 35. Qa4+ Ke7 36. Re1+ Kf6 37. Qe8 Rg2 38. Qd8+ Kg6 39. Qe8+ Kg5 40. Qe7+ Kg4 41. Qg7+ Kf3 42. Qxh7 Qxd3 43. Qh5+ Kg3 44. Qg5+ Kf2 45. Qh4+ Qg3 46. Qe7 Qg5+ 47. Qxg5 Rxg5 48. Re7 f4 49. Rxc7 f3 50. Kd2 Rd5+ 51. Kc3 Ke2 52. Re7+ Re5 0-1